000 00501nam a2200181Ia 4500
005 20250508152820.0
008 008 250505s9999 xx 000 0 hin d
037 _aTextual
040 _aFEDL
_beng
_cFEDL
041 _ahin
_2eng
084 _a571, GOY
_qFEDL
100 _aGoyal Sriram
245 0 _aPragaitihasik manav aur sanskritiyan
260 _aGorakhpur, India
_bVishwa Vidyalaya Prakashan
_c1961
300 _a127p
942 _cTEXL
_h571, GOY
999 _c1338924
_d1338924